00610nam a2200205Ia 450000500170000000800410001702000180005804100120007608200160008810000250010424501040012925000120023326000360024530000190028165000280030065000140032865000200034265000220036270000200038420260429112009.0260429s9999||||xx |||||||||||||| ||und|| a9780367701338 aEnglish a370.71bCOL aColmenares, Erica E. 0aAffect, learning, and teacher education : bgetting stuck in social justice / cErica E. Colmenares a1st ed. aNew Delhi : bRoutledge,c2025. axv, 109 p.; hb a Educational psychology a Pedagogy a Social justice aTeacher education a Jarvie, Scott